| 000 | 00514pab a2200181 454500 | ||
|---|---|---|---|
| 008 | 180718b2017 xxu||||| |||| 00| 0 eng d | ||
| 100 | _aCooper, Ian | ||
| 245 | _aA separate parliament for the eurozone? differentiated representation, Brexit, and the quandary of exclusion | ||
| 260 | _c2017 | ||
| 300 | _ap.655-672. | ||
| 362 | _aOct | ||
| 650 | _aParliament | ||
| 650 | _aNational parliaments | ||
| 650 | _aEconomic governance | ||
| 650 | _aBrexit | ||
| 773 | _aParliamentary Affairs | ||
| 909 | _a116661 | ||
| 999 |
_c116655 _d116655 |
||